000 00306nam a22001097a 4500
008 160420b xxu||||| |||| 00| 0 eng d
020 _a9781416069980
041 _aeng
080 _a618.2
245 _aMaternal child nursing;
_cEmily Slone McKinney ;Susan Rowen James; Sharon Smith Murray;
942 _2udc
_cBK
999 _c1473
_d1473